<?xml version="1.0" encoding="UTF-8"?>
<collection xmlns="http://www.loc.gov/MARC21/slim">
 <record>
  <leader>01674nam a22002297a 4500</leader>
  <controlfield tag="001">NCT_4_018935</controlfield>
  <controlfield tag="008">250512b        xxu||||| |||| 00| 0 vie d</controlfield>
  <datafield tag="999" ind1=" " ind2=" ">
   <subfield code="c">8918</subfield>
   <subfield code="d">8918</subfield>
  </datafield>
  <datafield tag="020" ind1=" " ind2=" ">
   <subfield code="a">9786047779956</subfield>
   <subfield code="c">159000</subfield>
  </datafield>
  <datafield tag="082" ind1="0" ind2="4">
   <subfield code="2">23rd ed.</subfield>
   <subfield code="a">303.49</subfield>
   <subfield code="b">J82</subfield>
  </datafield>
  <datafield tag="100" ind1="1" ind2=" ">
   <subfield code="a">Jorisch, Avi</subfield>
  </datafield>
  <datafield tag="245" ind1="1" ind2="0">
   <subfield code="a">Những điều sắp tới : 13 phát kiến thay đổi tương lai nhân loại</subfield>
   <subfield code="c">Avi Jorisch ; Phương Chi, Sơn Phạm (dịch)</subfield>
  </datafield>
  <datafield tag="260" ind1=" " ind2=" ">
   <subfield code="a">H.</subfield>
   <subfield code="b">Thế giới ; Công ty Sách Omega Việt Nam</subfield>
   <subfield code="c">2023</subfield>
  </datafield>
  <datafield tag="300" ind1=" " ind2=" ">
   <subfield code="a">282 tr.</subfield>
   <subfield code="b">Ảnh</subfield>
   <subfield code="c">21 cm</subfield>
  </datafield>
  <datafield tag="520" ind1="3" ind2=" ">
   <subfield code="a">Cuốn sách giới thiệu 13 phát minh đột phá có khả năng định hình tương lai nhân loại, từ công nghệ in 3D trong không gian, tái tạo thịt trong phòng thí nghiệm, trí tuệ nhân tạo đến các giải pháp năng lượng bền vững. Mỗi chương kể lại hành trình từ ý tưởng ban đầu đến hiện thực hóa, minh chứng cho khả năng con người vượt qua thách thức toàn cầu như biến đổi khí hậu và khủng hoảng lương thực</subfield>
  </datafield>
  <datafield tag="653" ind1=" " ind2=" ">
   <subfield code="a">Công nghệ thông tin</subfield>
  </datafield>
  <datafield tag="700" ind1="0" ind2=" ">
   <subfield code="a">Phương Chi</subfield>
   <subfield code="e">Dịch</subfield>
  </datafield>
  <datafield tag="700" ind1="0" ind2=" ">
   <subfield code="a">Sơn Phạm</subfield>
   <subfield code="e">Dịch</subfield>
  </datafield>
  <datafield tag="942" ind1=" " ind2=" ">
   <subfield code="2">ddc</subfield>
   <subfield code="c">BK</subfield>
  </datafield>
  <datafield tag="952" ind1=" " ind2=" ">
   <subfield code="0">0</subfield>
   <subfield code="1">0</subfield>
   <subfield code="2">ddc</subfield>
   <subfield code="4">0</subfield>
   <subfield code="6">303_490000000000000_J82</subfield>
   <subfield code="7">0</subfield>
   <subfield code="9">30617</subfield>
   <subfield code="a">000001</subfield>
   <subfield code="b">000001</subfield>
   <subfield code="d">2025-05-12</subfield>
   <subfield code="o">303.49 J82</subfield>
   <subfield code="p">MD.23741</subfield>
   <subfield code="r">2025-05-12</subfield>
   <subfield code="v">159000.00</subfield>
   <subfield code="w">2025-05-12</subfield>
   <subfield code="y">BK</subfield>
  </datafield>
  <datafield tag="952" ind1=" " ind2=" ">
   <subfield code="0">0</subfield>
   <subfield code="1">0</subfield>
   <subfield code="2">ddc</subfield>
   <subfield code="4">0</subfield>
   <subfield code="6">303_490000000000000_J82</subfield>
   <subfield code="7">0</subfield>
   <subfield code="9">30618</subfield>
   <subfield code="a">000001</subfield>
   <subfield code="b">000001</subfield>
   <subfield code="d">2025-05-12</subfield>
   <subfield code="o">303.49 J82</subfield>
   <subfield code="p">MD.23742</subfield>
   <subfield code="r">2025-05-12</subfield>
   <subfield code="v">159000.00</subfield>
   <subfield code="w">2025-05-12</subfield>
   <subfield code="y">BK</subfield>
  </datafield>
  <datafield tag="980" ind1=" " ind2=" ">
   <subfield code="a">Thư viện Trường Đại học Nam Cần Thơ</subfield>
  </datafield>
 </record>
</collection>
